Autour de The Voice Kids France - Statistiques

Statistiques générales
  • Ce quiz a été pris 27 fois
  • Le résultat moyen est 36 sur 83
Statistiques - réponses
Hint Réponse % Correct
Généralités L'émission est créée en... 2014
93%
Généralités Sa diffusion commence au mois de/d' août
86%
Présentateurs/Présentatrices Nikos Aliagas
79%
Coachs 2 saisons Amel {Bent}
79%
Coachs 1 saison Claudio {Capéo}
79%
Présentateurs/Présentatrices Karine Ferri
79%
Coachs 7 saisons {Jenifer}
79%
Coachs 3 saisons Kendji {Girac}
79%
Coachs 3 saisons Lara {Fabian}
79%
Coachs 2 saisons Louis {Bertignac}
79%
Coachs 2 saisons Matt {Pokora}
79%
Coachs 1 saison Nolwenn {Leroy}
79%
Coachs 9 saisons Patrick {Fiori}
79%
Chanson de présentation du vainqueur Saison 5 Serge Lama - Je suis {malade}
79%
Généralités Chaine de diffusion TF1
79%
Généralités et au maximum {15} ans
71%
Généralités Nombre de garçons ayant gagné 3
71%
Généralités Nombre de filles ayant gagné 6
71%
Généralités Les candidat(e)s ont au minimum {6} ans
71%
Chanson de présentation du vainqueur Saison 7 Jean-Jacques Goldman - Comme {toi}
71%
Chanson de présentation du vainqueur Saison 3 Kendji Girac - {Andalouse}
71%
Généralités En saison 9, le prime est diffusé le... mardi
71%
Coachs 1 saison Nolwenn {Leroy}
71%
Généralités Lors des saisons 1, 3, 4, 7 et 8, le prime est diffusé le... samedi
71%
Généralités pour s'achever en d'/de septembre
71%
Généralités Lors des saisons 2, 5 et 6, le prime est diffusé le... vendredi
71%
Etapes Toutes saisons Auditions à l'aveugle
64%
Dernière chanson du vainqueur Saison 9 Barbara Pravi - {Voilà}
64%
Coachs 1 saison Julien {Doré}
64%
Etapes Toutes saisons Les Battles
64%
Dernière chanson du vainqueur Saison 5 Slimane - Viens on s'{aime}
64%
Dernière chanson du vainqueur Saison 4 Stromae - Tous les {mêmes}
64%
Dernière chanson du vainqueur Saison 6 USA for Africa - We are the {world}
64%
Chanson de présentation du vainqueur Saison 1 Zaz - Eblouie par la {nuit}
64%
Dernière chanson du vainqueur Saison 8 Florent Pagny & Patrick Fiori - J'y {vais}
57%
Coachs 3 saisons {Soprano}
57%
Dernière chanson du vainqueur Saison 7 Véronique Sanson - Chanson sur ma {drôle} de vie
57%
Etapes A partir de la saison 3 Demi-finale
50%
Chanson de présentation du vainqueur Saison 8 Demis Roussos - Goodbye, my {love}, goodbye
50%
Etapes Toutes saisons Finale
50%
Coachs 1 saison {Garou}
50%
Classement des coachs 2 Victoires Jenifer
50%
Classement des coachs 4 Victoires Patrick Fiori
50%
Coachs 1 saison {Slimane}
50%
Dernière chanson du vainqueur Saison 1 Céline Dion - {Vole}
43%
Coachs 1 saison {Louane}
43%
Classement des coachs 1 Victoire Slimane
43%
Classement des coachs 1 Victoire Amel Bent
36%
Chanson de présentation du vainqueur Saison 9 Cynthia Erivo - {Stand} up
36%
Vainqueurs Saison 1 Carla Georges
29%
Vainqueurs Saison 2 Jane Constance
29%
Chanson de présentation du vainqueur Saison 6 Jean-Claude Viadère - Le pli y vé {tombé}
29%
Vainqueurs Saison 4 Angelina Nava
21%
Dernière chanson du vainqueur Saison 3 Beyoncé - {Listen}
21%
Vainqueurs Saison 9 Durel Nkounkou
21%
Vainqueurs Saison 5 Emma Cerchi
21%
Généralités Elle est produite par (2 possibilités) Endemolshine | ITV Studios France
21%
Vainqueurs Saison 3 Manuela Diaz
21%
Classement des coachs 1 Victoire Matt Pokora
21%
Vainqueurs Saison 8 Raynaud Sadon
21%
Vainqueurs Saison 7 Rébecca Sayaque
21%
Vainqueurs Saison 6 Soan Arhimann
21%
Chanson de présentation du vainqueur Saison 2 Andrea Boccelli & Céline Dion - The {prayer}
14%
2e de chaque saison Saison 1 {Nemo}
14%
3e de chaque saison Saison 4 {Betyssam}
7%
3e de chaque saison Saison 3 {Evan}
7%
3e de chaque saison Saison 1 {Henri}
7%
2e de chaque saison Saison 4 {Leelou}
7%
3e de chaque saison Saison 2 {Léo}
7%
2e de chaque saison Saison 2 {Lisandro}
7%
2e de chaque saison Saison 3 {Lou}
7%
3e de chaque saison Saison 9 (2 prénoms) {Lou-Agathe} | {Ilyana}
7%
2e de chaque saison Saison 9 {Lucie}
7%
2e de chaque saison Saison 6 {Natihei}
7%
2e de chaque saison Saison 7 {Abdellah}
0%
Dernière chanson du vainqueur Saison 2 Bette Midler - The {Rose}
0%
2e de chaque saison Saison 5 {Ermonia}
0%
Etapes A partir de la saison 2 Les primes
0%
3e de chaque saison Saison 5 {Lili}
0%
3e de chaque saison Saison 6 {Manon}
0%
Classement des coachs 1 Victoire Mika
0%
3e de chaque saison Saison 7 {Naomi}
0%
Chanson de présentation du vainqueur Saison 4 Synapson - All in {you}
0%
Aucun quiz correspondant
Distribution des résultats
% des personnes avec chaque résultat
Percentile par nombre de réponses
Votre historique - résultats
Vous n’avez pas pris ce quiz